000 00691nam a22002177a 4500
003 KOHA_MİRAKIL
005 20241223124052.0
008 241223b tu ||||| |||| 00| 0 tur d
020 _a9786053758877
040 _aTR-AnABB
_btur
_cTR-AnABB
041 _atur
082 _a828.3354
_bASI 2019
100 1 _aAsimov, Isaac,
_d1920-1992
245 1 0 _aUzay akımları :
_bgalaktik imparatorluk serisi 2 /
_cIsaac Asimov ; çeviren : M. İhsan Tatari
260 _aİstanbul :
_bİthaki Yayınları,
_c2019
300 _a268 sayfa ;
_c21 cm
650 0 4 _aAmerikan edebiyatı, roman
650 0 0 _aBilim kurgu romanı
700 1 _aTatari, M. İhsan
_91550
942 _2ddc
_cBK
999 _c8027
_d8027
900 _bCan ÇELIK